Reestructuración de procesos en una empresa de courier

Uloženo v:
Podrobná bibliografie
Hlavní autor: Jiménez Chaverri, Gloriana
Další autoři: Vindas Cordero, Sergio
Médium: Kniha
Vydáno: [San José , Costa Rica] 1996
Témata:
Tagy: Přidat tag
Žádné tagy, Buďte první, kdo vytvoří štítek k tomuto záznamu!

MARC

LEADER 00000nam a2200000Ia 4500
003 007820
005 20221231144249.0
008 140114s1996 cr a m 000 ||s d
040 |c cru CEDI 
090 |a TFG 3392 
100 |a Jiménez Chaverri, Gloriana  |9 10463 
245 |a Reestructuración de procesos en una empresa de courier 
260 |c 1996  |a [San José , Costa Rica] 
300 |a  iii, [187] hojas : ilustraciones  
500 |a  Proyecto de graduación (licenciatura en ingeniería industrial)--Universidad de Costa Rica. Facultad de Ingeniería. Escuela de Ingeniería Industrial 
650 |x EMPRESAS DE ENTREGA RAPIDA POR VIA AEREA   |x  ADMINISTRACION  |9 10465 
700 |9 10464  |a Vindas Cordero, Sergio 
942 |c TFG 
999 |c 19268  |d 19268